Eastern Utah Libraries Catalog: Duchesne, Heber, Roosevelt, & Vernal

Sing, unburied, sing : (Record no. 223719)

MARC details
000 -LEADER
fixed length control field 03419cam a2200481 i 4500
005 - DATE AND TIME OF LATEST TRANSACTION
control field 20220302135826.0
008 - FIXED-LENGTH DATA ELEMENTS--GENERAL INFORMATION
fixed length control field 220302b |||||||| |||| 00| 0 eng d
020 ## - INTERNATIONAL STANDARD BOOK NUMBER
International Standard Book Number 9781501126062
020 ## - INTERNATIONAL STANDARD BOOK NUMBER
International Standard Book Number 1501126067
020 ## - INTERNATIONAL STANDARD BOOK NUMBER
International Standard Book Number 9781501126079
020 ## - INTERNATIONAL STANDARD BOOK NUMBER
International Standard Book Number 1501126075
020 ## - INTERNATIONAL STANDARD BOOK NUMBER
International Standard Book Number 9781501176661
020 ## - INTERNATIONAL STANDARD BOOK NUMBER
International Standard Book Number 1501176668
040 ## - CATALOGING SOURCE
Description conventions rda
082 ## - DEWEY DECIMAL CLASSIFICATION NUMBER
Classification number F
092 ## - LOCALLY ASSIGNED DEWEY CALL NUMBER (OCLC)
Classification number F
100 1# - MAIN ENTRY--PERSONAL NAME
Personal name Ward, Jesmyn,
Relator term author.
9 (RLIN) 5870016
245 10 - TITLE STATEMENT
Title Sing, unburied, sing :
Remainder of title a novel /
Statement of responsibility, etc Jesmyn Ward.
250 ## - EDITION STATEMENT
Edition statement First Scribner hardcover edition.
264 #1 - Production, Publication, Distribution, Manufacture, and Copyright Notice.
Place of production, publication, distribution, manufacture New York :
Name of producer, publisher, distributor, manufacturer Scribner,
Date of production, publication, distribution, manufacture, or copyr [2017]
264 #4 - Production, Publication, Distribution, Manufacture, and Copyright Notice.
Date of production, publication, distribution, manufacture, or copyr 2017
300 ## - PHYSICAL DESCRIPTION
Extent 289 pages ;
Dimensions 22 cm
336 ## - Content Type
Content type term text
337 ## - Media type
Media type term unmediated
338 ## - Carrier type
Carrier type term volume
520 ## - SUMMARY, ETC.
Summary, etc A searing and profound Southern odyssey by National Book Award winner Jesmyn Ward. In Jesmyn Ward's first novel since her National Book Award-winning Salvage the Bones, this singular American writer brings the archetypal road novel into rural twenty-first-century America. Drawing on Morrison and Faulkner, The Odyssey and the Old Testament, Ward gives us an epochal story, a journey through Mississippi's past and present that is both an intimate portrait of a family and an epic tale of hope and struggle. Ward is a major American writer, multiply awarded and universally lauded, and in Sing, Unburied, Sing she is at the height of her powers. Jojo and his toddler sister, Kayla, live with their grandparents, Mam and Pop, and the occasional presence of their drug-addicted mother, Leonie, on a farm on the Gulf Coast of Mississippi. Leonie is simultaneously tormented and comforted by visions of her dead brother, which only come to her when she's high; Mam is dying of cancer; and quiet, steady Pop tries to run the household and teach Jojo how to be a man. When the white father of Leonie's children is released from prison, she packs her kids and a friend into her car and sets out across the state for Parchman farm, the Mississippi State Penitentiary, on a journey rife with danger and promise. Sing, Unburied, Sing grapples with the ugly truths at the heart of the American story and the power, and limitations, of the bonds of family. Rich with Ward's distinctive, musical language, Sing, Unburied, Sing is a majestic new work and an essential contribution to American literature"--
520 ## - SUMMARY, ETC.
Summary, etc Living with his grandparents and sister on a Gulf Coast farm, Jojo navigates the challenges of his mother's addictions and his grandmother's cancer before the release of his father from prison prompts a road trip of danger and hope.
650 #0 - SUBJECT ADDED ENTRY--TOPICAL TERM
Topical term or geographic name as entry element African American children
Form subdivision Fiction.
9 (RLIN) 6378733
650 #0 - SUBJECT ADDED ENTRY--TOPICAL TERM
Topical term or geographic name as entry element Brothers and sisters
Form subdivision Fiction.
9 (RLIN) 5673852
650 #0 - SUBJECT ADDED ENTRY--TOPICAL TERM
Topical term or geographic name as entry element Drug addicts
Form subdivision Fiction.
9 (RLIN) 5708213
650 #0 - SUBJECT ADDED ENTRY--TOPICAL TERM
Topical term or geographic name as entry element Children of prisoners
Form subdivision Fiction.
9 (RLIN) 6412908
650 #0 - SUBJECT ADDED ENTRY--TOPICAL TERM
Topical term or geographic name as entry element Grandparent and child
Form subdivision Fiction.
9 (RLIN) 5689341
650 #0 - SUBJECT ADDED ENTRY--TOPICAL TERM
Topical term or geographic name as entry element African American families
Geographic subdivision Mississippi
Form subdivision Fiction.
9 (RLIN) 6442168
650 #0 - SUBJECT ADDED ENTRY--TOPICAL TERM
Topical term or geographic name as entry element Rural poor
Geographic subdivision Mississippi
Form subdivision Fiction.
9 (RLIN) 6442169
650 #0 - SUBJECT ADDED ENTRY--TOPICAL TERM
Topical term or geographic name as entry element African American families
Form subdivision Fiction.
9 (RLIN) 5731828
650 #7 - SUBJECT ADDED ENTRY--TOPICAL TERM
Topical term or geographic name as entry element Thrillers (Fiction)
Source of heading or term lcgft
9 (RLIN) 5700164
650 #4 - SUBJECT ADDED ENTRY--TOPICAL TERM
Topical term or geographic name as entry element African American families
Form subdivision Fiction.
9 (RLIN) 5731828
651 #0 - SUBJECT ADDED ENTRY--GEOGRAPHIC NAME
Geographic name Gulf Coast (Miss.)
Form subdivision Fiction.
9 (RLIN) 6442170
651 #0 - SUBJECT ADDED ENTRY--GEOGRAPHIC NAME
Geographic name Mississippi
Form subdivision Fiction.
9 (RLIN) 5673817
651 #1 - SUBJECT ADDED ENTRY--GEOGRAPHIC NAME
Geographic name Mississippi
Form subdivision Fiction
General subdivision Fiction.
9 (RLIN) 6442171
655 #7 - INDEX TERM--GENRE/FORM
Genre/form data or focus term Road fiction.
Source of term lcgft
9 (RLIN) 102706
942 ## - ADDED ENTRY ELEMENTS (KOHA)
Source of classification or shelving scheme Dewey Decimal Classification
Koha item type BOOK
Holdings
Withdrawn status Lost status Source of classification or shelving scheme Damaged status Not for loan Collection code Home library Current library Shelving location Date acquired Source of acquisition Cost, normal purchase price Total Checkouts Total Renewals Full call number Barcode Date last seen Date checked out Cost, replacement price Price effective from Koha item type
    Dewey Decimal Classification     Fiction Wasatch County Library Wasatch County Library First Floor 01/19/2018 Donation 26.00 15 8 F Ward 34301001648213 10/03/2024 08/06/2024 26.00 03/20/2020 BOOK
This project was made possible through a grant from the Institute of Museum and Library Service administered by the Utah State Library Division.

Wasatch County Library

  • 465 East 1200 South, Heber City, Utah 84032
  • Phone 435-654-1511 | Fax 435-654-6456

Hours

  • Monday - Friday 9:30 AM - 8:00 PM
  • Saturday 9:30 AM - 1:30 PM
  • Closed Sundays and Holidays